Mil años de historia vasca a través de la literatura greco-latina (de Aníbal a Carlomagno) /
Gespeichert in:
| 1. Verfasser: | |
|---|---|
| Format: | Elektronisch E-Book |
| Sprache: | Spanisch |
| Veröffentlicht: |
Bilbao :
Universidad de Deusto,
1997.
|
| Schriftenreihe: | Serie Euskal Herria ;
v.15. Serie Euskal Herria. Fontes Vasconiae ; 1. |
| Schlagworte: | |
| Online-Zugang: | Digitalia Hispánica |
| Tags: |
Tag hinzufügen
Keine Tags, Fügen Sie den ersten Tag hinzu!
|
MARC
| LEADER | 00000nam a2200000Ii 4500 | ||
|---|---|---|---|
| 001 | DIGDEU0615 | ||
| 003 | NyNyDIG | ||
| 006 | m o d | ||
| 007 | cr ||||||||||| | ||
| 008 | 130501s1997 sp b ob 000 0 spa d | ||
| 020 | |a 9788498308471 |q (eBook) | ||
| 020 | |z 847485525x | ||
| 020 | |z 9788474855258 | ||
| 035 | |a (OCoLC)759778263 | ||
| 040 | |a DGITA |b eng |e pn |c DGITA | ||
| 043 | |a e-sp--- | ||
| 050 | 1 | 4 | |a DP91 eBook |
| 100 | 1 | |a Segura Munguía, Santiago. | |
| 245 | 1 | 0 | |a Mil años de historia vasca a través de la literatura greco-latina (de Aníbal a Carlomagno) / |c Santiago Segura Munguía. |
| 264 | 1 | |a Bilbao : |b Universidad de Deusto, |c 1997. | |
| 300 | |a 1 online resource (203 pages) : |b maps | ||
| 336 | |a text |b txt |2 rdacontent | ||
| 337 | |a computer |b c |2 rdamedia | ||
| 338 | |a online resource |b cr |2 rdacarrier | ||
| 490 | 1 | |a Serie Euskal Herria ; |v v.15. |a Fontes Vasconiae ; |v 1 | |
| 546 | |a Includes passages in Latin and Greek, with Spanish translations. | ||
| 651 | 0 | |a País Vasco (Spain) |x History |v Sources. | |
| 651 | 0 | |a Spain |x History |y To 711 |v Sources. | |
| 655 | 0 | |a Electronic books. | |
| 791 | 2 | |a Digitalia (Firm), |e distributor. | |
| 830 | 0 | |a Serie Euskal Herria ; |v v.15. | |
| 830 | 0 | |a Serie Euskal Herria. |p Fontes Vasconiae ; |v 1. | |
| 793 | 0 | |g Digitalia eBook Collection: |a Universidad de Deusto. | |
| 856 | 4 | 0 | |3 Digitalia Hispánica |u https://digitalia.unach.elogim.com/a/15188/ |
| 910 | |a Premium Collection: 2007-2012 | ||